000 00717cam a22002533a 4500
001 22245
003 PGUSA
005 20140828083455.0
008 070805s2007||||xxu|||||s|||||000 | eng d
040 _aPGUSA
_beng
042 _adc
050 4 _aPZ
050 4 _aTJ
100 1 _aBassett, Sara Ware,
_d1872-1968
245 1 0 _aSteve and the Steam Engine
_h[electronic resource] /
_cSara Ware Bassett
260 _bProject Gutenberg,
_c2007
506 _aPublic domain in the USA.
516 _aElectronic text
653 _aSteam-engines -- Juvenile literature
700 1 _aScott, A. O.
_q(Arthur O.)
830 0 _aProject Gutenberg
_v22245
856 4 0 _uhttp://www.gutenberg.org/ebooks/22245
942 _cEB
999 _c251500
_d251500